Digestible Quantum Field Theory (Запис № 446503)

МАРК-запис
000 -LEADER
fixed length control field 04482nam a22005895i 4500
001 - CONTROL NUMBER
control field 978-3-319-59922-9
003 - CONTROL NUMBER IDENTIFIER
control field DE-He213
005 - DATE AND TIME OF LATEST TRANSACTION
control field 20210118124343.0
007 - PHYSICAL DESCRIPTION FIXED FIELD--GENERAL INFORMATION
fixed length control field cr nn 008mamaa
008 - FIXED-LENGTH DATA ELEMENTS--GENERAL INFORMATION
fixed length control field 171230s2017 gw | s |||| 0|eng d
020 ## - INTERNATIONAL STANDARD BOOK NUMBER
International Standard Book Number 9783319599229
-- 978-3-319-59922-9
024 7# - OTHER STANDARD IDENTIFIER
Standard number or code 10.1007/978-3-319-59922-9
Source of number or code doi
050 #4 - LIBRARY OF CONGRESS CALL NUMBER
Classification number QC793-793.5
050 #4 - LIBRARY OF CONGRESS CALL NUMBER
Classification number QC174.45-174.52
072 #7 - SUBJECT CATEGORY CODE
Subject category code PHQ
Source bicssc
072 #7 - SUBJECT CATEGORY CODE
Subject category code SCI051000
Source bisacsh
072 #7 - SUBJECT CATEGORY CODE
Subject category code PHQ
Source thema
082 04 - DEWEY DECIMAL CLASSIFICATION NUMBER
Classification number 539.72
Edition number 23
100 1# - MAIN ENTRY--PERSONAL NAME
Personal name Smilga, Andrei.
Relator term author.
Relator code aut
-- http://id.loc.gov/vocabulary/relators/aut
245 10 - TITLE STATEMENT
Title Digestible Quantum Field Theory
Medium [electronic resource] /
Statement of responsibility, etc by Andrei Smilga.
250 ## - EDITION STATEMENT
Edition statement 1st ed. 2017.
264 #1 -
-- Cham :
-- Springer International Publishing :
-- Imprint: Springer,
-- 2017.
300 ## - PHYSICAL DESCRIPTION
Extent X, 351 p. 88 illus., 18 illus. in color.
Other physical details online resource.
336 ## -
-- text
-- txt
-- rdacontent
337 ## -
-- computer
-- c
-- rdamedia
338 ## -
-- online resource
-- cr
-- rdacarrier
347 ## -
-- text file
-- PDF
-- rda
505 0# - FORMATTED CONTENTS NOTE
Formatted contents note I Aperitif: Introduction.- Units. Fundamental Constants. Conventions -- II Hors d'Oeuvres: The Universe as we Know It.- The Cubic Edifice of Physical Theories -- Genesis of the Standard Model -- III Chef's Secrets: Groups and Algebras -- Lagrangians and Hamiltonians -- Cross Sections and Amplitudes --  IV Entrées:  Fermion Fields -- Feynman Graphs -- Quantum Chromodynamics -- Theory of the Electroweak Interactions -- V Trou Normand:  The Human Dimension -- VI Dessert:  Supersymmetry -- General Relativity -- Mysterious Quantum Gravity -- VII Coffee: Recommended Reading.
520 ## - SUMMARY, ETC.
Summary, etc This book gives an intermediate level treatment of quantum field theory, appropriate to a reader with a first degree in physics and a working knowledge of special relativity and quantum mechanics. It aims to give the reader some understanding of what QFT is all about, without delving deep into actual calculations of Feynman diagrams or similar. The author serves up a seven‐course menu, which begins with a brief introductory Aperitif. This is followed by the Hors d'oeuvres, which set the scene with a broad survey of the Universe, its theoretical description, and how the ideas of QFT developed during the last century. In the next course, the Art of Cooking, the author recaps on some basic facts of analytical mechanics, relativity, quantum mechanics and also presents some nutritious “extras” in mathematics (group theory at the elementary level) and in physics (theory of scattering). After these preparations, the reader should have a good appetite for the Entrées ‐ the central par t of the book where the Standard Model is described and explained.  After Trou Normand, the restive pause including human stories about physicists and no formulas, the author serves the Dessert, devoted to supersymmetry (a very beautiful theory that is still awaiting a direct experimental confirmation), to general relativity and to the mystery of quantum gravity.  .
506 ## - RESTRICTIONS ON ACCESS NOTE
Terms governing access Available to subscribing member institutions only. Доступно лише організаціям членам підписки.
506 ## - RESTRICTIONS ON ACCESS NOTE
Standardized terminology for access restriction Online access from local network of NaUOA.
506 ## - RESTRICTIONS ON ACCESS NOTE
Standardized terminology for access restriction Online access with authorization at https://link.springer.com/
506 ## - RESTRICTIONS ON ACCESS NOTE
Standardized terminology for access restriction Онлайн-доступ з локальної мережі НаУОА.
506 ## - RESTRICTIONS ON ACCESS NOTE
Standardized terminology for access restriction Онлайн доступ з авторизацією на https://link.springer.com/
650 #0 - SUBJECT ADDED ENTRY--TOPICAL TERM
Topical term or geographic name as entry element Elementary particles (Physics).
650 #0 - SUBJECT ADDED ENTRY--TOPICAL TERM
Topical term or geographic name as entry element Quantum field theory.
650 #0 - SUBJECT ADDED ENTRY--TOPICAL TERM
Topical term or geographic name as entry element String theory.
650 #0 - SUBJECT ADDED ENTRY--TOPICAL TERM
Topical term or geographic name as entry element Cosmology.
650 14 - SUBJECT ADDED ENTRY--TOPICAL TERM
Topical term or geographic name as entry element Elementary Particles, Quantum Field Theory.
-- http://scigraph.springernature.com/things/product-market-codes/P23029
650 24 - SUBJECT ADDED ENTRY--TOPICAL TERM
Topical term or geographic name as entry element Quantum Field Theories, String Theory.
-- http://scigraph.springernature.com/things/product-market-codes/P19048
650 24 - SUBJECT ADDED ENTRY--TOPICAL TERM
Topical term or geographic name as entry element Cosmology.
-- http://scigraph.springernature.com/things/product-market-codes/P22049
710 2# - ADDED ENTRY--CORPORATE NAME
Corporate name or jurisdiction name as entry element SpringerLink (Online service)
773 0# - HOST ITEM ENTRY
Title Springer eBooks
776 08 - ADDITIONAL PHYSICAL FORM ENTRY
Display text Printed edition:
International Standard Book Number 9783319599205
776 08 - ADDITIONAL PHYSICAL FORM ENTRY
Display text Printed edition:
International Standard Book Number 9783319599212
776 08 - ADDITIONAL PHYSICAL FORM ENTRY
Display text Printed edition:
International Standard Book Number 9783319867359
856 40 - ELECTRONIC LOCATION AND ACCESS
Uniform Resource Identifier <a href="https://doi.org/10.1007/978-3-319-59922-9">https://doi.org/10.1007/978-3-319-59922-9</a>
912 ## -
-- ZDB-2-PHA
942 ## - ADDED ENTRY ELEMENTS (KOHA)
Koha item type ЕКнига

Немає доступних примірників.